000
002620000a22000970004500
100
1
_a
Barré, Michael L.
245
1
0
_a
A proposal on the crux of Psalm 64:9a
300
_a
Vol. 46, Num. 1 (Enero, 1996), Páginas 115-119
773
0
_t
Vetus Testamentum
942
_c
ANA
999
_c
58022
_d
58022